Diaspora-India - Statistics

General Stats
  • This quiz has been taken 176 times
  • The average score is 52 of 73
Answer Stats
Number of immigrants Continent Country % Correct
4.460.000 North America United States of America
100%
1.825.000 Europe United Kingdom
99%
1.541.955 North America Canada
98%
2.000.000 Asia Pakistan
95%
35.491 Asia China
93%
40.000 Asia/ Europe Russia
93%
2.803.751 Asia United Arab Emirates
93%
1.274.867 Africa South Africa
92%
4.000.000 Asia Saudi Arabia
91%
29.000 Europe Spain
91%
619.164 Oceania Australia
90%
456.470 Europe France
90%
125.000 Asia Indonesia
90%
2.400.000 Asia Malaysia
90%
650.000 Asia Qatar
90%
161.000 Europe Germany
89%
22.335 Asia Japan
89%
155.178 Oceania New Zealand
88%
2.000.000-3.000.000 Asia Nepal
86%
250.300 Asia Singapore
86%
197.301 Europe Italy
85%
839.504 Asia Sri Lanka
85%
65.000 Asia Thailand
84%
700.000 Asia Kuwait
82%
1.030.000 Asia Myanmar
82%
796.001 Asia Oman
82%
91.520 Europe Ireland
81%
70.000 Europe Portugal
80%
156.000 Europe the Netherlands
80%
400.000 Asia Bahrain
78%
8.500 Europe Belgium
78%
11.000 Europe Sweden
77%
14.968 Europe Norway
76%
327.000 South America Guyana
75%
110.000 Africa Kenya
73%
315.000 Oceania Fiji
71%
70.000 Asia Israel
71%
148.000 South America Suriname
71%
13.500 Europe Switzerland
71%
8.500 Europe Denmark
70%
7.010 Europe Finland
70%
25.000 Africa Nigeria
70%
90.000 Africa Tanzania
70%
12.500 Europe Austria
69%
12.000 Europe Poland
69%
150.000 Asia the Philippines
68%
5.000 South America Colombia
65%
34.000 North America Cuba
65%
994.500 Africa Mauritius
64%
556.800 North America Trinidad and Tobago
63%
7.000 Europe Greece
62%
9.000 Asia the Maldives
62%
6.000 Africa Democratic Republic of the Congo
61%
11.000 Asia Lebanon
61%
9.000 Asia Yemen
59%
93.000 North America Jamaica
58%
28.000 Africa Madagascar
57%
16.000 Africa Zimbabwe
57%
21.000 Africa Mozambique
55%
20.000 North America Panama
55%
5.000 Africa Seychelles
55%
7.000 Europe Czech Republic
54%
90.000 Africa Uganda
54%
5.000 Oceania Papua New Guinea
53%
6.000 Africa Zambia
53%
8.600 Asia Brunei
49%
18.000 South America Ecuador
49%
9.000 Africa Botswana
45%
12.000 North America Grenada
38%
20.000 Africa Libya
37%
21.500 North America Saint Vincent and the Grenadines
35%
8.000 Asia Georgia
26%
10.000 Asia Kyrgyzstan
20%
No matching quizzes found
Score Distribution
Percent of People with Each Score
Percentile by Number Answered
Your Score History
You have not taken this quiz